100 World Cities furthest from Larger City - Statistics

General Stats
  • This quiz has been taken 531 times
  • The average score is 68 of 100
Answers on the Map
Answers color-coded by a green-red scale on the quiz's map according to % correct below.
 
Answer Stats
D2L (km) City % Correct
3,360 New York
98%
2,479 Los Angeles
97%
1,484 Miami
97%
4,363 Cairo
96%
1,158 Chicago
96%
3,130 Lima
96%
2,500 London
96%
1,054 Madrid
96%
11,319 Mexico City
96%
2,899 Moscow
96%
3,654 New Delhi
96%
1,674 Buenos Aires
95%
1,261 Cape Town
95%
1,282 Dallas
95%
1,243 Istanbul
95%
1,092 Seattle
95%
5,380 Sydney
95%
958 Beijing
94%
1,869 Bogotá
94%
4,483 Johannesburg
94%
1,157 Mumbai
94%
2,729 Perth
94%
1,139 Santiago
94%
7,423 São Paulo
94%
1,201 Shanghai
94%
2,903 Tokyo
94%
1,533 Bangkok
93%
934 Denver
93%
3,319 Jakarta
93%
1,242 Manila
93%
987 Addis Ababa
92%
2,161 Auckland
92%
938 Caracas
92%
1,425 Dhaka
92%
6,366 Lagos
92%
1,913 Tehran
92%
1,800 Dakar
91%
1,059 Guatemala City
91%
1,325 Reykjavík
91%
1,301 Riyadh
91%
2,134 Anchorage
90%
3,852 Honolulu
90%
--- Guangzhou
89%
1,781 Kinshasa
89%
1,078 La Paz
89%
2,453 Dar es Salaam
88%
887 Karachi
87%
1,177 Kuala Lumpur
87%
1,606 Khartoum
86%
1,021 Mogadishu
86%
1,337 Santo Domingo
85%
1,610 Antananarivo
84%
1,437 Nuuk
81%
2,083 Port Moresby
81%
1,294 Manaus
80%
1,141 Windhoek
79%
1,190 Lusaka
75%
1,630 Recife
73%
920 Bamako
72%
1,786 Ürümqi
72%
1,088 Victoria
71%
1,240 Chengdu
70%
1,333 Suva
70%
1,129 Belém
67%
994 Guayaquil
66%
1,291 Novosibirsk
66%
880 Port Louis
66%
1,284 Alice Springs
64%
1,151 Apia
63%
1,018 Yekaterinburg
63%
1,405 Honiara
56%
1,871 South Tarawa
51%
1,353 Yakutsk
43%
1,083 Townsville
39%
1,456 Nouméa
35%
1,512 Petropavlovsk-Kamchatsky
31%
2,429 Edinburgh of the Seven Seas
28%
2,409 Faaa
26%
1,046 Jayapura
24%
1,082 Norilsk
24%
2,039 Saipan
24%
3,535 Hanga Roa
22%
3,482 McMurdo Station
22%
971 Ponta Delgada
22%
1,492 Anadyr
21%
3,345 Port-aux-Français
20%
1,083 Saint George's
20%
1,296 Georgetown
19%
1,456 Grytviken
19%
1,021 Port Hedland
18%
1,139 Avarua
16%
1,054 Puerto Ayora
16%
912 Nyala
14%
1,016 Weno
14%
985 West Island
13%
1,895 Tabwakea
11%
1,400 Atuona
10%
1,536 Rikitea
10%
1,918 Half Tree Hollow
6%
897 Ogasawara
5%
No matching quizzes found
Score Distribution
Percent of People with Each Score
Percentile by Number Answered
Your Score History
You have not taken this quiz